书目信息 |
| 题名: |
斯大林评传
|
|
| 作者: | 托洛茨基 著 | |
| 分册: | ||
| 出版信息: | 北京 东方出版社 1998.12 |
|
| 页数: | 611页 | |
| 开本: | 32开 | |
| 丛书名: | ||
| 单 册: | ||
| 中图分类: | K835.127 | |
| 科图分类: | ||
| 主题词: | 历史 , 地理 | |
| 电子资源: | ||
| ISBN: | 7-5060-1168-9 | |
| 000 | 00590nam0 2200205 45 | |
| 001 | 0010221587 | |
| 005 | 20001022152248.6 | |
| 010 | @a7-5060-1168-9@d29.50元 | |
| 100 | @a20001022d1998 km y0chiy0120 ea | |
| 101 | 0 | @achi |
| 105 | @a z 000yy | |
| 200 | 1 | @a斯大林评传@ASi Da Lin Ping Chuan@f(苏联)托洛茨基著;齐于译@F(Su Lian)Tuo Luo Ci Ji Zhu;Qi Yu Yi |
| 210 | @a北京@c东方出版社@d1998.12 | |
| 215 | @a611页@d32开 | |
| 606 | 0 | @a历史 |
| 606 | 0 | @a地理 |
| 690 | @aK835.127@v3 | |
| 701 | 0 | @a托洛茨基@4著 |
| 801 | @aCN@bPftUser@c20001022 | |
| 905 | @b182496-498@dK835.127@eT089@f3 | |
| 斯大林评传/(苏联)托洛茨基著;齐于译.-北京:东方出版社,1998.12 |
| 611页;32开 |
| ISBN 7-5060-1168-9:29.50元 |
| ● |
| 相关链接 |
|
|
|
正题名:斯大林评传
索取号:K835.127/T089
 
预约/预借
| 序号 | 登录号 | 条形码 | 馆藏地/架位号 | 状态 | 备注 |
| 1 | 182497 | 201824972 | 社科库309/309社科库 100排1列3层/ [索取号:K835.127/T089] | 在馆 | |
| 2 | 182498 | 201824981 | 社科库309/309社科库 100排1列3层/ [索取号:K835.127/T089] | 在馆 | |
| 3 | 182499 | 201824990 | 社科库309/309社科库 100排1列3层/ [索取号:K835.127/T089] | 在馆 |